Statistics for Taylor Swift 91

Click here to take the quiz!

General Stats

  • This quiz has been taken 13 times
    (9 since last reset)
  • The average score is 272 of 386

Answer Stats

Answer% Correct
a
100%
an
100%
I
100%
in
100%
is
100%
you
100%
and
83%
at
83%
baby
83%
be
83%
by
83%
Coney
83%
day
83%
did
83%
do
83%
every
83%
go
83%
if
83%
Island
83%
it
83%
my
83%
no
83%
on
83%
one
83%
single
83%
that
83%
the
83%
to
83%
too
83%
when
83%
who
83%
with
83%
your
83%
you're
83%
accident
67%
am
67%
arcade
67%
before
67%
big
67%
birthday
67%
bluest
67%
cake
67%
can't
67%
'cause
67%
clock
67%
darkest
67%
face
67%
flashed
67%
for
67%
get
67%
gift-wrapped
67%
gold
67%
got
67%
grey
67%
hallway
67%
hanging
67%
happy
67%
head
67%
I'm
67%
into
67%
leave
67%
like
67%
line
67%
making
67%
mall
67%
me
67%
miss
67%
name
67%
not
67%
of
67%
old
67%
our
67%
paint
67%
place
67%
say
67%
sight
67%
skies
67%
so
67%
spot
67%
standing
67%
suburban
67%
then
67%
there
67%
this
67%
times
67%
tree
67%
waiting
67%
was
67%
we
67%
were
67%
where
67%
will
67%
wondering
67%
achievement
50%
again
50%
anymore
50%
around
50%
away
50%
bench
50%
break
50%
bright
50%
but
50%
care
50%
centerfold
50%
close
50%
colder
50%
delicate
50%
disappointments
50%
down
50%
dreams
50%
eyes
50%
fast
50%
fist
50%
forgot
50%
gets
50%
goes
50%
haul
50%
here
50%
how'd
50%
internet
50%
left
50%
lifetime
50%
lights
50%
long
50%
looking
50%
lost
50%
merry
50%
over
50%
paradise
50%
podium
50%
polite
50%
pounds
50%
question
50%
relate
50%
related
50%
right
50%
ring
50%
shatter
50%
sitting
50%
something
50%
soon
50%
sorry
50%
soul
50%
sun
50%
surprises
50%
think
50%
trust
50%
two
50%
universe
50%
up
50%
walked
50%
what's
50%
winning
50%
wise
50%
coaxed
33%
edge
33%
forgive
33%
mischief
33%
pushed
33%
rogue
33%

Score Distribution

Percentile by Number Answered

Percent of People with Each Score

Your Score History

You have not taken this quiz since the last reset